000 00603nam a2200241 a 4500
001 nice12345678
003 IN_TiNIC
005 20260116012233.0
008 050524s1980 dela grp 000 0 eng
020 _a0706940
_c50
082 0 0 _a954.91
_bKHA
100 _aKhan, Shoaib Sultan
245 _aRural Development in Pakistan
260 _aDelhi
_bVikas Pub House Pvt. Ltd.
_c1980
300 _a158p
500 _aincludes index and biblioraphy
505 2 _aindex
650 _aPakistan-Rural
700 1 _aKhan, Shoaib Sultan
902 _bSRS
942 _cBK
999 _c6201
_d6201